Siri pelangi fokus jingga SPM - ekonomi rumah tangga (Record no. 161007)

MARC details
000 -LEADER
fixed length control field 00744nam a2200253 i 4500
001 - CONTROL NUMBER
control field C2-0217932
003 - CONTROL NUMBER IDENTIFIER
control field PPAK
005 - DATE AND TIME OF LATEST TRANSACTION
control field 20180728110425.0
008 - FIXED-LENGTH DATA ELEMENTS--GENERAL INFORMATION
fixed length control field 990717s1999 my a|||| ||||| | may d
020 ## - INTERNATIONAL STANDARD BOOK NUMBER
International Standard Book Number 9835023603
040 ## - CATALOGING SOURCE
Original cataloging agency PPAK
Language of cataloging eng
Transcribing agency PPAK
Description conventions rda
082 04 - DEWEY DECIMAL CLASSIFICATION NUMBER
Classification number 640.7
Edition number 23
090 00 - LOCALLY ASSIGNED LC-TYPE CALL NUMBER (OCLC); LOCAL CALL NUMBER (RLIN)
Classification number (OCLC) (R) ; Classification number, CALL (RLIN) (NR) 640.7
Feature heading ASR
Feature heading R
100 0# - MAIN ENTRY--PERSONAL NAME
Personal name Asra Shamsudin,
Relator term author
245 10 - TITLE STATEMENT
Title Siri pelangi fokus jingga SPM - ekonomi rumah tangga
264 #1 - PRODUCTION, PUBLICATION, DISTRIBUTION, MANUFACTURE, AND COPYRIGHT NOTICE
Place of production, publication, distribution, manufacture Bandar Baru Bangi, Selangor :
Name of producer, publisher, distributor, manufacturer Pelangi ,
Date of production, publication, distribution, manufacture, or copyright notice 1999 ; 2000
300 ## - PHYSICAL DESCRIPTION
Extent xxv, 326 pages :
Other physical details illustrations ;
Dimensions 26 cm
336 ## - CONTENT TYPE
Source rdacontent
Content type term text
337 ## - MEDIA TYPE
Source rdamedia
Media type term unmediated
338 ## - CARRIER TYPE
Source rdacarrier
Carrier type term volume
650 10 - SUBJECT ADDED ENTRY--TOPICAL TERM
Topical term or geographic name entry element Home economics - Study and teaching.
700 ## - ADDED ENTRY--PERSONAL NAME
Relator term author
942 ## - ADDED ENTRY ELEMENTS (KOHA)
-- dc
Koha item type Book
Holdings
Withdrawn Not for loan Current library Shelving location Date acquired Total Checkouts Full call number Barcode Date last seen Koha item type
  Not For Loan PD27, Kg. Bendang Bukit, Pendang Rujukan Dewasa 05/10/2000   R 640.7 ASR A00921719 01/06/2018 Book
  Not For Loan PD27, Kg. Bendang Bukit, Pendang Rujukan Dewasa 05/10/2000   R 640.7 ASR A00921720 01/06/2018 Book